[Event "Manila ol (Women)"]
[Site "Manila"]
[Date "1992.??.??"]
[Round "?"]
[White "Tsiganova, Monika"]
[Black "Akhmilovskaya, Elena"]
[Result "0-1"]
[WhiteElo "2245"]
[BlackElo "2405"]

1.d4 Nf6 2.c4 e6 3.Nf3 Bb4+ 4.Bd2 c5 5.Bxb4 cxb4 6.a3 bxa3 7.Nxa3 O-O 8.e3 d6
9.Be2 Nc6 10.O-O b6 11.Qb1 a5 12.Nb5 Ba6 13.Nc3 Rc8 14.Re1 Nb4 15.Nd2 d5
16.b3 Qe7 17.Na4 Nd7 18.e4 Qg5 19.Nf3 Qf4 20.cxd5 Bxe2 21.Rxe2 exd5 22.exd5 Nxd5
23.Qd3 Qg4 24.h3 Qxg2+ 25.Kxg2 Nf4+ 26.Kg3 Nxd3 27.Re7 Rcd8 28.Rd1 Nb4 29.d5 Rfe8
30.d6 Nc6 31.Rxe8+ Rxe8 32.Rc1 Rc8 33.Nd4 Na7 34.Rc7 Rxc7 35.dxc7 Nc8 36.Nc6 Kf8
37.Nc3 Nc5 38.b4 axb4 39.Nxb4 Ke7 40.Nb5 Kd7 41.f4 Ne6 42.Nd3 f6 43.f5 Nxc7
44.Nc3 Nd6 45.Kg4 Kc6 46.Nf4 b5 47.Nh5 b4 48.Ne2 Nce8 49.Nhf4 Kc5 50.Nd3+ Kc4
51.Nb2+ Kb3 52.Nd3 Nc7 53.Nc5+ Kc4  0-1

[Event "Manila ol (Women)"]
[Site "Manila"]
[Date "1992.??.??"]
[Round "?"]
[White "Saritha, M Reddy"]
[Black "Mills, Natalie"]
[Result "1-0"]
[WhiteElo "2155"]
[BlackElo "2005"]

1.d4 Nf6 2.c4 e6 3.Nf3 Bb4+ 4.Bd2 Qe7 5.g3 Nc6 6.Bg2 Bxd2+ 7.Nbxd2 d6 8.e4 e5
9.d5 Nb8 10.O-O a5 11.Ne1 O-O 12.Nd3 Na6 13.f4 Bd7 14.Rc1 b6 15.Qe2 Ne8 16.b3 c6
17.Qe3 c5 18.a4 Nec7 19.Rcd1 f6 20.f5 Nb4 21.Ne1 Be8 22.Ndf3 Bh5 23.Rd2 Nba6
24.Bh3 Bxf3 25.Nxf3 Nb8 26.g4 h6 27.Nh4 Qf7 28.Kh1 Nd7 29.Rg1 Rfd8 30.Bf1 Kf8
31.Ng6+ Ke8 32.Be2 Rdb8 33.h4 Kd8 34.g5 hxg5 35.hxg5 Kc8 36.Bh5 Kb7 37.Rh2 Qg8
38.Qg3 Qd8 39.Bf3 Ne8 40.Rh8 Ka6 41.Rg2 Qc7 42.Kg1 fxg5 43.Qxg5 Nef6 44.Rxb8 Rxb8
45.Ne7 Ne8 46.Nc6 Rc8 47.Qe7 Ndf6 48.Qxc7 Rxc7 49.Nd8 Re7 50.Kf2 Rd7 51.Ne6 Kb7
52.Rh2 Kc8 53.Kg3 Re7 54.Rh8 Kd7 55.Kh4 Rf7 56.Kg5 Re7 57.Kg6 Kc8 58.Rf8 Rb7
59.Rf7 Rxf7 60.Kxf7 Kd7 61.Nxg7 Nxg7  1-0

[Event "Manila ol (Men)"]
[Site "Manila"]
[Date "1992.??.??"]
[Round "?"]
[White "Dada, Bola"]
[Black "Robatsch, Karl"]
[Result "0-1"]
[WhiteElo "2205"]
[BlackElo "2410"]

1.d4 Nf6 2.Nf3 e6 3.c4 Bb4+ 4.Bd2 Bxd2+ 5.Nbxd2 d6 6.e3 Qe7 7.Be2 e5 8.dxe5 dxe5
9.Qc2 Bg4 10.O-O Nbd7 11.Rac1 a5 12.c5 Bxf3 13.Bxf3 c6 14.b3 O-O 15.a3 Ra7
16.Rfd1 g6 17.h3 h5 18.Qc4 Kg7 19.Rc2 Rd8 20.b4 axb4 21.axb4 Nf8 22.Rb1 Ne6
23.Ne4 Nxe4 24.Bxe4 Nc7 25.Ra2 Rxa2 26.Qxa2 Rd7 27.Qc2 Qd8 28.Bf3 Rd2 29.Qc3 f6
30.g4 Nb5 31.Qb3 hxg4 32.hxg4 f5 33.Rd1 Rxd1+ 34.Bxd1 Qd2 35.gxf5 gxf5 36.Bh5 Qd7
37.Qc4 Qe7 38.Bd1 Nc7 39.Bb3 Nd5 40.b5 Qg5+ 41.Kf1 Qh5 42.bxc6 bxc6 43.Ba4 Qf3
44.Qd3 f4 45.Bxc6 fxe3 46.Qc2 Qh1+ 47.Ke2 Nf4+ 48.Kxe3 Qxc6 49.Qc4 Kf6 50.Kd2 Ke7
51.Qc2 Qd5+ 52.Ke3 Qd4+ 53.Kf3 Kd7 54.c6+ Kc7 55.Qe4 Ne6 56.Qf5 Qd5+ 57.Kg4 Kxc6
58.Qc2+ Kd6 59.f3 Qxf3+  0-1

[Event "Manila ol (Men)"]
[Site "Manila"]
[Date "1992.??.??"]
[Round "?"]
[White "Norri, Joose"]
[Black "Franzoni, Giancarlo"]
[Result "1/2-1/2"]
[WhiteElo "2395"]
[BlackElo "2440"]

1.d4 Nf6 2.c4 e6 3.Nf3 Bb4+ 4.Bd2 Bxd2+ 5.Qxd2 O-O 6.g3 b6 7.Bg2 Bb7 8.Nc3 Ne4
9.Qc2 Nxc3 10.Ng5 Ne4 11.Bxe4 Bxe4 12.Qxe4 Qxg5 13.Qxa8 Nc6 14.Qb7 Nxd4 15.Rd1 Qe5
16.e3 Nc2+ 17.Ke2 Nb4 18.Rd2 Nc6 19.f3 Rb8 20.Qa6 d6 21.Qb5 Qc5 22.Rhd1 a5
23.b3 h6 24.h4 Kf8 25.h5 Ke7 26.g4 Ra8 27.a4 Ne5 28.Rg1 f6 29.f4 Nf7 30.Kd3 c6
31.Qxc5 bxc5 32.Kc3 Rb8 33.Rdg2 Rb4 34.e4 Rb7 35.Rf2 e5 36.Rh1 exf4 37.Rxf4 Ng5
38.Rd1 Ne6 39.Rf2 Nd4 40.Rb2 Rb4 41.Rf1 Ne6 42.Rd2 Rb8 43.Rg2 Nd4 44.Rb2 Ke6
45.Rbb1 Ke5 46.Rf2 Ke6  1/2-1/2

[Event "Manila ol (Men)"]
[Site "Manila"]
[Date "1992.??.??"]
[Round "?"]
[White "Olsen, Heini"]
[Black "Hmadi, Slaheddine"]
[Result "1/2-1/2"]
[WhiteElo "2245"]
[BlackElo "2330"]

1.d4 e6 2.Nf3 Nf6 3.c4 Bb4+ 4.Bd2 a5 5.g3 b6 6.Bg2 Bb7 7.O-O O-O 8.Nc3 Ne4
9.Rc1 f5 10.Nxe4 Bxe4 11.Bc3 Qf6 12.Qd2 Bxc3 13.Rxc3 d6 14.d5 Na6 15.dxe6 Nc5
16.Qd4 Nxe6 17.Qxf6  1/2-1/2

[Event "Manila ol (Men)"]
[Site "Manila"]
[Date "1992.??.??"]
[Round "?"]
[White "Piket, Jeroen"]
[Black "Sunye Neto, Jaime"]
[Result "1-0"]
[WhiteElo "2615"]
[BlackElo "2510"]

1.d4 Nf6 2.c4 e6 3.Nf3 Bb4+ 4.Bd2 Qe7 5.g3 O-O 6.Bg2 Bxd2+ 7.Qxd2 d5 8.O-O Nbd7
9.Rc1 c6 10.Qe3 Re8 11.Nbd2 a5 12.h3 a4 13.g4 h6 14.Rab1 Nf8 15.Qa3 Qd8 16.b4 Ng6
17.b5 h5 18.Ne5 hxg4 19.bxc6 bxc6 20.Nxc6 Qc7 21.Ne5 Nxe5 22.cxd5 Qd8 23.dxe5 gxh3
24.exf6 hxg2 25.Ne4 exd5 26.Qg3 g6 27.Nd6 Ba6 28.Nxf7 Qxf6 29.Rc7 Rxe2 30.Nh6+  1-0

[Event "Manila ol (Men)"]
[Site "Manila"]
[Date "1992.??.??"]
[Round "?"]
[White "Kanstler, Boris"]
[Black "Petursson, Margeir"]
[Result "1/2-1/2"]
[WhiteElo "2445"]
[BlackElo "2555"]

1.d4 Nf6 2.c4 e6 3.Nf3 Bb4+ 4.Bd2 Qe7 5.g3 Nc6 6.Nc3 O-O 7.Bg2 d5 8.O-O Rd8
9.a3 Bxc3 10.Bxc3 a5 11.b3 a4 12.b4 dxc4 13.b5 Na7 14.Qxa4 Bd7 15.Qxc4 Bxb5
16.Bb4 Qd7 17.Qc2 Nc6 18.Rfb1 Nxb4 19.Rxb4 c6 20.a4 Ba6 21.Rc1  1/2-1/2

[Event "Manila ol (Men)"]
[Site "Manila"]
[Date "1992.??.??"]
[Round "?"]
[White "Schandorff, Lars"]
[Black "Petursson, Margeir"]
[Result "1/2-1/2"]
[WhiteElo "2435"]
[BlackElo "2555"]

1.d4 Nf6 2.c4 e6 3.Nf3 Bb4+ 4.Bd2 c5 5.Bxb4 cxb4 6.g3 O-O 7.Bg2 d6 8.Nbd2 Re8
9.Nf1 a5 10.Ne3 Na6 11.O-O Bd7 12.Nd2 Rb8 13.Rc1 Qe7 14.Nb3 b6 15.Qd3 Nc7
16.Nd2 Rec8 17.Rfd1 h6 18.a3 bxa3 19.Qxa3 Na6 20.Nc2 Bc6  1/2-1/2

[Event "Manila ol (Men)"]
[Site "Manila"]
[Date "1992.??.??"]
[Round "?"]
[White "Schuh, Franz"]
[Black "Gostisa, Leon"]
[Result "1/2-1/2"]
[WhiteElo "2310"]
[BlackElo "2430"]

1.d4 Nf6 2.Nf3 e6 3.c4 Bb4+ 4.Bd2 c5 5.Bxb4 cxb4 6.e3 O-O 7.Nbd2 d6 8.Bd3 b6
9.O-O Bb7 10.a3 bxa3 11.Rxa3 Nc6 12.e4 e5 13.d5 Nb4 14.Ne1 Qc7 15.Nc2 Nxc2
16.Bxc2 Rfc8 17.Rg3 b5 18.f4 bxc4 19.fxe5 Qb6+ 20.Kh1 dxe5 21.Nf3 c3 22.Nxe5 cxb2
23.Rb3 Qc7 24.Rxb2 Bxd5 25.exd5 Qxe5 26.Rb7 Rc4 27.Re1 Qc3 28.Bb3 Re4 29.Rxe4 Nxe4
30.Qf1 Rf8 31.Bd1 Qd4 32.Bf3 Nd2 33.Qe2 Rc8 34.g3 h6 35.Kg2 a5 36.Rxf7 Nxf3
37.Qxf3 Rd8 38.Rf5 a4 39.Qe2 Kh7 40.Qc2 Kh8 41.h4 a3 42.Kh3 Qa7 43.Qa2 Qd7
44.g4 Ra8 45.h5 Qc7 46.Rf3 Qc1 47.Rb3 Kh7 48.d6 Qh1+ 49.Kg3 Qd1 50.Qb1+ Qxb1
51.Rxb1 Kg8 52.Rf1 a2 53.d7 Rd8  1/2-1/2

[Event "Melbourne Masters"]
[Site "Melbourne"]
[Date "1992.??.??"]
[Round "5"]
[White "Kagan, Issay"]
[Black "Wallace, John Paul"]
[Result "0-1"]
[WhiteElo "2380"]
[BlackElo "2340"]

1.d4 Nf6 2.c4 e6 3.Nf3 Bb4+ 4.Bd2 Qe7 5.e3 O-O 6.Bd3 Bxd2+ 7.Nfxd2 c5 8.dxc5 Na6
9.Nc3 Nxc5 10.Be2 d6 11.b4 Ncd7 12.O-O Rd8 13.Qb3 b6 14.Rfd1 Bb7 15.Bf3 Ne5
16.Bxb7 Qxb7 17.f4 Ng6 18.Nf3 Rac8 19.Rac1 Ne7 20.Nb5 Ne4 21.Nbd4 h6 22.Rc2 Kh8
23.Rdc1 Ng8 24.c5 bxc5 25.bxc5 Qxb3 26.Nxb3 Ne7 27.Kf1 Nd5 28.Ke2 dxc5 29.Nxc5 Nb4
30.Rc4 Nxa2 31.R1c2 Rxc5 32.Rxc5 Nxc5 33.Rxc5 Rd7 34.Ne5 Rb7 35.Kf3 Nb4 36.Rc8+ Kh7
37.Rf8 f6 38.Nc4 Rc7 39.Nd6 Rc6 40.Nb5 a5 41.Rb8 Na6 42.Ra8 a4 43.Na3 f5
44.Nc4 Nc5 45.Nb2 Ne4 46.Rxa4 Rc1 47.Nd3 Rf1+ 48.Ke2 Rg1 49.Kf3 Rf1+ 50.Ke2 Rh1
51.Nf2 Nc3+ 52.Kf3 Rf1 53.Ra3 Nd1 54.Ra2 g5 55.h3 g4+ 56.hxg4 fxg4+ 57.Kg3 Nxe3
58.Kh4 Kg6 59.Re2 Rxf2 60.Rxe3 Rxg2  0-1

[Event "Mesa op"]
[Site "Mesa"]
[Date "1992.??.??"]
[Round "?"]
[White "Brito, Alfredo"]
[Black "Urday, Henry"]
[Result "0-1"]
[WhiteElo "2400"]
[BlackElo "2480"]

1.d4 Nf6 2.c4 e6 3.Nf3 Bb4+ 4.Bd2 a5 5.g3 b6 6.Bg2 Bb7 7.Bxb4 axb4 8.Nbd2 O-O
9.O-O c5 10.Nb3 d6 11.Qd2 Nc6 12.Rfd1 Qe7 13.Nh4 Rfd8 14.a3 bxa3 15.Rxa3 Rac8
16.d5 Ne5 17.Ra7 Rc7 18.Qc1 exd5 19.Nf5 Qe6 20.Bh3 Qe8 21.cxd5 g6 22.Ne3 Ra8
23.Rxa8 Bxa8 24.Qa1 Qb8 25.Qa4 Kg7 26.Qh4 h6 27.Bg2 Ra7 28.Nd2 Qe8 29.b3 b5
30.g4 Bb7 31.Qg3 Bc8 32.h3 Ra3 33.Nb1 Ra1 34.Nc3 Rxd1+ 35.Ncxd1 Bb7 36.h4 Qa8
37.f4 Ned7 38.g5 Nxd5 39.gxh6+ Kh7 40.f5 Ne5 41.fxg6+ fxg6 42.h5 Nxe3 43.hxg6+ Nxg6
44.Nxe3 Bxg2 45.Nxg2 Qa1+ 46.Kf2 Qf6+ 47.Qf3 Qxf3+ 48.Kxf3 Kxh6 49.Ke4 Ne7
50.Ne3 Kg5 51.Nc2 b4 52.Ne3 Kf6 53.Ng2 d5+ 54.Kd3 Ng6 55.e3 Kg5 56.Ke2 Kf5
57.Ke1 Ke4 58.Ke2 Ne5 59.Nf4 d4 60.Ne6 d3+ 61.Kd2  0-1

[Event "Moscow4"]
[Site "Moscow"]
[Date "1992.??.??"]
[Round "?"]
[White "Yuferov, Sergey  N"]
[Black "Piesina, Gintautas"]
[Result "1/2-1/2"]
[WhiteElo "2440"]
[BlackElo "2415"]

1.d4 Nf6 2.c4 e6 3.Nf3 Bb4+ 4.Bd2 Bxd2+ 5.Qxd2 O-O 6.g3 d5 7.Bg2 c6 8.O-O Nbd7
9.Rc1 Qe7 10.Qe3 Re8 11.cxd5 exd5 12.Qxe7 Rxe7 13.Nc3  1/2-1/2

[Event "Alekhine op"]
[Site "Moscow"]
[Date "1992.??.??"]
[Round "?"]
[White "Rashkovsky, Nukhim N"]
[Black "Gipslis, Aivars"]
[Result "1/2-1/2"]
[WhiteElo "2530"]
[BlackElo "2465"]

1.d4 Nf6 2.Nf3 e6 3.c4 Bb4+ 4.Bd2 Qe7 5.g3 Nc6 6.Nc3 Bxc3 7.Bxc3 Ne4 8.Rc1 O-O
9.Bg2 d6 10.d5 Nxc3 11.Rxc3 Nb8 12.O-O e5 13.e4 a5 14.Nd2 Na6 15.f4 exf4
16.gxf4 f5 17.Rg3 Nc5 18.Re1 fxe4 19.Nxe4 Nxe4 20.Bxe4 Qf6 21.Qh5 Bf5 22.Bxf5 Qxf5
23.Qxf5 Rxf5 24.Re7  1/2-1/2

[Event "Moscow3"]
[Site "Moscow"]
[Date "1992.??.??"]
[Round "?"]
[White "Efimov, Igor"]
[Black "Kuzmin, Gennadi P"]
[Result "1/2-1/2"]
[WhiteElo "2470"]
[BlackElo "2535"]

1.d4 Nf6 2.c4 e6 3.Nf3 Bb4+ 4.Bd2 a5 5.e3 b6 6.Bd3 Bb7 7.Nc3 d6 8.O-O Nbd7
9.a3 Bxc3 10.Bxc3 O-O 11.Qe2 Ne4 12.Bxe4 Bxe4 13.Nd2 Bb7 14.b4 axb4 15.axb4  1/2-1/2

[Event "Alekhine op"]
[Site "Moscow"]
[Date "1992.??.??"]
[Round "?"]
[White "Magerramov, Elmar"]
[Black "Gipslis, Aivars"]
[Result "1-0"]
[WhiteElo "2565"]
[BlackElo "2465"]

1.d4 Nf6 2.c4 e6 3.Nf3 Bb4+ 4.Bd2 Qe7 5.g3 Nc6 6.Nc3 Bxc3 7.Bxc3 Ne4 8.Rc1 d6
9.d5 Nxc3 10.Rxc3 Nb8 11.dxe6 fxe6 12.Nd4 O-O 13.Bg2 e5 14.Nc2 Na6 15.Ne3 c6
16.Rd3 Rf6 17.Rd2 Bd7 18.O-O Raf8 19.b4 Nc7 20.b5 a6 21.bxc6 Bxc6 22.Nd5 Nxd5
23.Bxd5+ Bxd5 24.Rxd5 h5 25.Qd3 h4 26.Qe4 Qf7 27.f3 hxg3 28.hxg3 Qh5 29.c5 Rg6
30.cxd6 Rxg3+ 31.Kf2 Qg5 32.Rh1 Rg2+ 33.Kf1 Qg3 34.Qe3 e4 35.Rdh5 Rxf3+ 36.exf3 Rb2
37.Rg1 Qxd6 38.Rxg7+ Kxg7 39.Qg5+ Kf7 40.Rh7+ Ke8 41.Qg8+  1-0

[Event "Moscow rapid"]
[Site "Moscow"]
[Date "1992.??.??"]
[Round "?"]
[White "Vladimirov, Evgeny"]
[Black "Rashkovsky, Nukhim N"]
[Result "1/2-1/2"]
[WhiteElo "2585"]
[BlackElo "2530"]

1.d4 Nf6 2.c4 e6 3.Nf3 Bb4+ 4.Bd2 Qe7 5.Nc3 O-O 6.Qc2 d6 7.e4 e5 8.d5 c6
9.Be2 Bg4 10.O-O Nbd7 11.Rad1 cxd5 12.cxd5 Bxc3 13.Bxc3 Nc5 14.Bxe5 Bxf3
15.Bxf6 Qxe4 16.Qxe4 Nxe4 17.Bxf3 Nxf6 18.Rc1 Rfc8 19.h4 h6 20.Rfe1 Kf8 21.g3 a5
22.a3 Nd7 23.Rxc8+ Rxc8 24.Bg4 Re8 25.Rxe8+ Kxe8 26.Kf1 Nb6 27.Ke1 Ke7 28.Kd2 Nxd5
29.Bf3 Ke6 30.Kd3 b5 31.Kd4 Nc7 32.Bc6 g5 33.hxg5 hxg5 34.b3  1/2-1/2

[Event "Moscow Tal mem"]
[Site "Moscow"]
[Date "1992.??.??"]
[Round "?"]
[White "Danielian, Oganes"]
[Black "Fradkin, Boris"]
[Result "0-1"]
[WhiteElo "2310"]
[BlackElo "2390"]

1.d4 Nf6 2.c4 e6 3.Nf3 Bb4+ 4.Bd2 Qe7 5.g3 O-O 6.Bg2 Bxd2+ 7.Qxd2 d6 8.Nc3 Nbd7
9.O-O c6 10.e4 e5 11.Rad1 Nb6 12.b3 Bg4 13.h3 Bxf3 14.Bxf3 a5 15.Bg2 a4 16.f4 axb3
17.axb3 Ra3 18.Qb2 Rfa8 19.d5 cxd5 20.exd5 exf4 21.Rde1 Qc7 22.Rxf4 Qc5+
23.Kh2 Qb4 24.Ne4 Nbd7 25.Qc3 Qxc3 26.Nxc3 Rxb3 27.Nb5 Ra6 28.Re2 h5 29.Nd4 Rb4
30.Nb5 Nc5 31.g4 hxg4 32.hxg4 Nd3 33.Rd4 Ne5 34.g5 Nfd7 35.Ree4 Rb2 36.Kg3 Raa2
37.Bf3 Nxf3 38.Kxf3 Ne5+ 39.Kg3 Rb3+  0-1

[Event "Muenster"]
[Site "Muenster"]
[Date "1992.??.??"]
[Round "8"]
[White "Gauglitz, Gernot"]
[Black "Hoffmann, Michael"]
[Result "0-1"]
[WhiteElo "2435"]
[BlackElo "2425"]

1.d4 Nf6 2.Nf3 e6 3.c4 Bb4+ 4.Bd2 Qe7 5.g3 Nc6 6.Nc3 Bxc3 7.Bxc3 Ne4 8.Rc1 O-O
9.Bg2 d6 10.O-O Nxc3 11.Rxc3 e5 12.d5 Nb8 13.e4 Bg4 14.b4 a5 15.a3 Na6 16.Qb3 c6
17.Nd2 axb4 18.axb4 c5 19.b5 Nb4 20.h3 Bd7 21.Re3 Ra2 22.Nb1 Qg5 23.Nc3 Rd2
24.Rd1 Rc2 25.Re2 Rxe2 26.Nxe2 f5 27.f4 exf4 28.Nxf4 fxe4 29.Re1 Nd3 30.Nxd3 Qxg3
31.Rxe4 Rf2 32.Nxf2 Qxb3 33.Re7 Qb1+ 34.Kh2 Qf5 35.Kg1 Kf8 36.Re1 Qc2 37.Ne4 Qxc4
38.Nxd6 Qd4+ 39.Kh1 c4 40.Rf1+ Kg8 41.Nxb7 c3 42.Nd8 h5 43.Nc6 Qe3 44.b6 Bxc6
45.dxc6 Qxb6 46.Bd5+ Kh7 47.Be4+ Kh6 48.Rg1 g5 49.h4 Qe3 50.hxg5+ Kg7  0-1

[Event "Munich op9192"]
[Site "Munich"]
[Date "1992.??.??"]
[Round "1"]
[White "Van der Sterren, Paul"]
[Black "Koepf, Ulrich"]
[Result "1/2-1/2"]
[WhiteElo "2485"]
[BlackElo "2275"]

1.d4 Nf6 2.c4 e6 3.Nf3 Bb4+ 4.Bd2 Qe7 5.g3 Bxd2+ 6.Qxd2 Ne4 7.Qc2 Qb4+ 8.Nbd2 Nxd2
9.Nxd2 Nc6 10.d5 Ne5 11.Bg2 O-O 12.O-O a5 13.a3 Qe7 14.Qc3 d6 15.f4 Nd7 16.e4 e5
17.b4 axb4 18.axb4 Rxa1 19.Qxa1 f5 20.Bh3 exf4 21.gxf4 g6 22.Qc3 b5 23.cxb5 Nb6
24.Qd4 Bd7 25.e5 Bxb5 26.Rc1 Ra8 27.Nf3 Ra3 28.Bg2 Rd3 29.exd6 Qxd6 30.Qc5 Rxd5
31.Qxd6 cxd6 32.Rc7 Nd7 33.Kf2 Nf6 34.Rc8+ Kg7 35.Rc7+ Kg8 36.Rc8+ Kg7 37.Rc7+ Kf8
38.Ng5 Rd2+ 39.Kg3 Nh5+ 40.Kf3 Nxf4 41.Kxf4 Rxg2 42.Nxh7+ Ke8 43.h3 Rh2 44.Nf6+ Kd8
45.Rh7 Rb2  1/2-1/2

[Event "Munich op9192"]
[Site "Munich"]
[Date "1992.??.??"]
[Round "2"]
[White "Boensch, Uwe"]
[Black "Nikolac, Juraj"]
[Result "1/2-1/2"]
[WhiteElo "2560"]
[BlackElo "2460"]

1.d4 Nf6 2.c4 e6 3.Nf3 Bb4+ 4.Bd2 Qe7 5.e3 O-O 6.Bxb4 Qxb4+ 7.Qd2 Qxd2+ 8.Nbxd2 b6
9.Bd3 Bb7 10.e4 d6 11.O-O Nbd7 12.Rfe1 e5 13.Rad1 Rfe8 14.Bc2 g6 15.h3 a5
16.Ba4 Re7 17.Re3 Nf8 18.d5 N8d7 19.b3 Nc5 20.Bb5 Nh5 21.a3 f5 22.exf5 gxf5
23.b4 Nd7 24.Nd4 Ng7 25.f4 axb4 26.axb4 Nf6 27.Bc6 Ree8 28.fxe5 dxe5 29.Bxb7 exd4
30.Rxe8+ Rxe8 31.Nf3 Ne4 32.Nxd4 Nc3 33.Rd3 Re1+ 34.Kh2 Ne4 35.d6 Nxd6 36.Bd5+ Kf8
37.Nf3 Rc1 38.Ng5 h6 39.Nh7+ Ke7 40.Re3+ Kd8 41.Rg3 Nge8 42.Rg8 Ke7 43.Nf8 Nxc4
44.Ng6+ Kf6 45.Rxe8 Kxg6 46.Re6+ Kg5 47.Rc6 b5 48.Rxc7 f4 49.Rc5 Kf6 50.h4 Rb1
51.Bxc4 bxc4 52.Rxc4 Kf5 53.g3 Rb2+ 54.Kh3 fxg3 55.Kxg3 Rb3+ 56.Kf2 Ke5 57.Ke2 Kd5
58.Rg4 Rh3 59.Kd2 Kc6 60.Ke2 Kb5 61.Kf2 Rb3 62.Rg6 Kxb4 63.Rxh6 Kc5 64.Ra6 Kd5
65.h5 Ke5  1/2-1/2

[Event "Munich"]
[Site "Munich"]
[Date "1992.??.??"]
[Round "4"]
[White "Lobron, Eric"]
[Black "Christiansen, Larry Mark"]
[Result "1/2-1/2"]
[WhiteElo "2575"]
[BlackElo "2595"]

1.d4 Nf6 2.c4 e6 3.Nf3 Bb4+ 4.Bd2 a5 5.g3 d6 6.Bg2 Nbd7 7.O-O e5 8.Nc3 O-O
9.Qc2 Re8 10.e4 Nf8 11.a3 exd4 12.axb4 dxc3 13.Bxc3 Nxe4 14.bxa5 Nxc3 15.Qxc3 c5
16.Rfd1 b6 17.Qd2 Rxa5 18.Rxa5 bxa5 19.Qxd6 Qxd6 20.Rxd6 Bd7 21.h4 a4 22.Rb6 h6
23.Nd2 Re1+ 24.Kh2 Rd1 25.Ne4 Rb1 26.Nd2 a3 27.Ra6 Rxb2 28.Ne4 a2 29.Nxc5 Rxf2
30.Nd3 Rc2 31.Nb4 Rxc4 32.Nxa2 Be6 33.Ra3 Nd7 34.Nc3 Ne5 35.Bh3 f5 36.Kg1 Kf7
37.Bg2 Rd4 38.Ra7+ Kf6 39.Ra6 Ke7 40.Ra7+  1/2-1/2

[Event "Munich op9192"]
[Site "Munich"]
[Date "1992.??.??"]
[Round "8"]
[White "Boensch, Uwe"]
[Black "Pezerovic, Edin"]
[Result "1/2-1/2"]
[WhiteElo "2560"]
[BlackElo "2355"]

1.d4 Nf6 2.c4 e6 3.Nf3 Bb4+ 4.Bd2 Qe7 5.g3 O-O 6.Bg2 Bxd2+ 7.Qxd2 d6 8.Nc3 c6
9.e4 e5 10.O-O Bg4 11.Nh4 Na6 12.h3 Be6 13.b3 Nc7 14.Rad1 Rac8 15.Rfe1 Rfd8
16.d5 cxd5 17.exd5 Bd7 18.f4 Nh5 19.Qf2 g5 20.fxg5 Qxg5 21.Ne4 Qh6 22.Rf1 Rf8
23.Nf5 Bxf5 24.Qxf5 Ng7 25.Nf6+ Kh8 26.Qd3 Nce8 27.Nd7 Rg8 28.Rxf7 Nh5 29.Rdf1 Nxg3
30.Nf8 Rc7 31.Rxc7 Nxc7 32.Rf7 Rxf8 33.Rxf8+ Qxf8 34.Qxg3 Ne8 35.c5 dxc5
36.Qxe5+ Kg8 37.d6 Nxd6 38.Qxc5 b6 39.Qg5+ Qg7 40.Qd8+ Qf8 41.Qc7 Nf7 42.Bd5 Qg7+
43.Kh2 Qb2+ 44.Kg3 Qg7+ 45.Kf3 Qf6+ 46.Qf4 Kg7 47.Qxf6+ Kxf6 48.Kg4 Nd6 49.a4 a5
50.Kf4 b5 51.axb5 Nxb5 52.Bg8 Nd4 53.Ke4 Nxb3 54.Bxb3 Kg5 55.Kf3 Kh4 56.Kg2 h5
57.Ba4 Kg5 58.Kg3 Kh6 59.Bc2 a4 60.Kf4 a3 61.Bb3 h4 62.Ba2 Kg6 63.Kg4 Kh6
64.Kxh4 Kg6  1/2-1/2

[Event "Nettetal"]
[Site "Nettetal"]
[Date "1992.??.??"]
[Round "11"]
[White "Van der Sterren, Paul"]
[Black "Lechtynsky, Jiri"]
[Result "1-0"]
[WhiteElo "2535"]
[BlackElo "2410"]

1.d4 Nf6 2.c4 e6 3.Nf3 Bb4+ 4.Bd2 c5 5.Bxb4 cxb4 6.g3 b6 7.Bg2 Bb7 8.O-O O-O
9.Qb3 Qe7 10.Nbd2 d5 11.Ne5 Nc6 12.cxd5 exd5 13.Nxc6 Bxc6 14.Rfe1 Qd6 15.Nf3 a6
16.Ne5 Bb5 17.Rac1 Rac8 18.Rxc8 Rxc8 19.e4 Rd8 20.Rc1 Be8 21.Nxf7 Bxf7 22.e5 Qe7
23.exf6 gxf6 24.Qa4 a5 25.Qc6 Rd6 26.Qc8+ Rd8 27.Qg4+ Bg6 28.h4 Kf8 29.Rc6 Rd6
30.Rc8+ Rd8 31.Bxd5 Rxc8 32.Qxc8+ Qe8 33.Qxe8+ Kxe8 34.f4 Ke7 35.Kf2 Kd6
36.Bc4 Bb1 37.g4 h6 38.Ke3 b5 39.Bf7 a4 40.Kd2 Be4 41.g5 Ke7 42.g6 h5 43.d5  1-0

[Event "NOR-ch"]
[Site "?"]
[Date "1992.??.??"]
[Round "2"]
[White "Gausel, Einar"]
[Black "Groenn, Atle"]
[Result "1-0"]
[WhiteElo "2485"]
[BlackElo "2310"]

1.d4 Nf6 2.c4 e6 3.Nf3 Bb4+ 4.Bd2 c5 5.g3 Qb6 6.Qb3 Nc6 7.dxc5 Bxc5 8.Qxb6 axb6
9.Nc3 d5 10.cxd5 exd5 11.Bg2 O-O 12.O-O d4 13.Nb5 Be6 14.Nc7 Rxa2 15.Nxe6 Rxa1
16.Rxa1 fxe6 17.Ng5 e5 18.Rb1 Be7 19.Rc1 h6 20.Ne4 Nxe4 21.Bxe4 Rf6 22.h4 Bc5
23.g4 d3 24.e3 Rd6 25.Kf1 Rd7 26.g5 Be7 27.gxh6 gxh6 28.h5 Kg7 29.Bc3 Kf6
30.f4 Bc5 31.Kf2 Ke6 32.f5+ Kf6 33.Rd1 b5 34.Kf3 Ne7 35.b4 Bb6 36.Rxd3 Rxd3
37.Bxd3 Nxf5 38.Bxb5 Bxe3 39.Bd7 Bf4 40.b5 b6 41.Be1 Kg5 42.Bf2 Nd4+ 43.Ke4 Nxb5
44.Bxb5 Kf6 45.Bxb6 Bg5 46.Bc7 Bf4 47.Bc6 Ke6 48.Bd5+ Kf6 49.Bd6 Kg5 50.Bf7 Kf6
51.Bc4 Kg5 52.Be2 Kf6 53.Bc7 Ke6 54.Bg4+ Kf6 55.Bd8+ Kf7 56.Kf5 Bg5 57.Bc7 Bf6
58.Ke4 Bg5 59.Be2 Bh4 60.Bc4+ Kg7 61.Kf5 Bf6 62.Bd6 e4 63.Kxe4 Bc3 64.Kf5 Bb2
65.Ke6 Bc3 66.Ke7 Bd4 67.Ke8 Kf6 68.Kf8 Kg5 69.Be2 Bc3 70.Kf7 Bd4 71.Be7+ Kf5
72.Bd3+ Kg4 73.Kg6  1-0

[Event "NOR-ch"]
[Site "?"]
[Date "1992.??.??"]
[Round "4"]
[White "Djurhuus, Rune"]
[Black "Fyllingen, Roy Harald"]
[Result "0-1"]
[WhiteElo "2405"]
[BlackElo "2330"]

1.d4 Nf6 2.Nf3 e6 3.c4 Bb4+ 4.Bd2 a5 5.g3 d6 6.Nc3 Nbd7 7.Bg2 e5 8.a3 Bxc3
9.Bxc3 Qe7 10.e3 O-O 11.O-O a4 12.Qc2 Re8 13.Nd2 c5 14.dxe5 dxe5 15.Nf3 Qe6
16.Be1 e4 17.Nd2 b6 18.Rc1 Bb7 19.Kh1 Ng4 20.h3 Ngf6 21.Kh2 Ne5 22.f3 exf3
23.Nxf3 Nxf3+ 24.Bxf3 Bxf3 25.Rxf3 Ne4 26.Rf4 Rad8 27.h4 Nf6 28.Qe2 Qxe3
29.Qxe3 Rxe3 30.Kg2 Ne4 31.Rf5 Rdd3 32.Rd5 Rxd5 33.cxd5 Nd6 34.Bc3 Rd3 35.Re1 Kf8
36.Re5 f6 37.Rh5 Kg8  0-1

[Event "Norresundby op"]
[Site "Norresundby"]
[Date "1992.??.??"]
[Round "8"]
[White "Ruban, Vadim"]
[Black "Pigusov, Evgeny"]
[Result "1/2-1/2"]
[WhiteElo "2580"]
[BlackElo "2550"]

1.d4 Nf6 2.c4 e6 3.Nf3 Bb4+ 4.Bd2 Qe7 5.g3 Nc6 6.Nc3 Bxc3 7.Bxc3 Ne4 8.Rc1 d6
9.Bg2 O-O 10.O-O Nxc3 11.Rxc3 e5 12.d5 Nb8 13.e4 Bg4 14.h3 Bxf3 15.Rxf3 a5
16.Re3 Nd7 17.f4 Nc5 18.f5 f6 19.Rf2 c6 20.Rd2  1/2-1/2

[Event "Norresundby op"]
[Site "Norresundby"]
[Date "1992.??.??"]
[Round "9"]
[White "Danielsen, Henrik"]
[Black "Ruban, Vadim"]
[Result "0-1"]
[WhiteElo "2390"]
[BlackElo "2580"]

1.d4 Nf6 2.Nf3 e6 3.c4 Bb4+ 4.Bd2 Qe7 5.g3 Nc6 6.Bg2 Bxd2+ 7.Nbxd2 d6 8.O-O O-O
9.e4 e5 10.d5 Nb8 11.Ne1 a5 12.Nd3 Na6 13.b3 Bg4 14.f3 Bd7 15.Qe2 c6 16.Rfc1 cxd5
17.cxd5 b5 18.a3 h5 19.b4 a4 20.Nf2 h4 21.Bh3 hxg3 22.hxg3 Nh5 23.Kg2 g6
24.Bxd7 Qxd7 25.Rc6 Nc7 26.Rac1 Ra7 27.Qe3 Ne8 28.Qh6 Nef6 29.Nb1 Rd8 30.Nc3 Rb7
31.Ne2 Qe7 32.g4 Ng7 33.Nh3 Nge8 34.Ng3 Nh7 35.Rh1 Qf8 36.Qe3 Qe7 37.Qh6 Qf8
38.Qh4 f6 39.Ne2 Qg7 40.Rhc1 Qe7 41.Kf2 Nf8 42.Qg3 g5 43.Qg2 Ng6 44.Ng3 Ng7
45.Qf1 Nf4 46.Nxf4 gxf4 47.Ne2 f5 48.Qh3 fxg4 49.fxg4 Qg5 50.Kf3 Ne8 51.Rh1 Rg7
52.Nc3 Rdd7 53.Qh8+ Kf7 54.Rh4 Nf6 55.Rc8 Kg6 56.Nd1 Rdf7 57.Nf2 Rh7 58.Rg8+ Nxg8
59.Qxg8+ Rhg7 60.Qh8 Rf8 61.Qxf8 Qxh4 62.Qf5+ Kh6 63.Ke2 Qg5 64.Qf8 Kh7 65.Qxd6 f3+
66.Kxf3 Rf7+ 67.Ke2 Qf4 68.Qb6 Qf3+ 69.Ke1 Qxa3 70.g5 Qc1+ 71.Nd1 Qxg5 72.Qxb5 a3
73.d6 Qg2  0-1

[Event "Novy Smokovec"]
[Site "Novy Smokovec"]
[Date "1992.??.??"]
[Round "?"]
[White "Priehoda, Vitezslav"]
[Black "Hracek, Zbynek"]
[Result "0-1"]
[WhiteElo "2420"]
[BlackElo "2480"]

1.d4 Nf6 2.c4 e6 3.Nf3 Bb4+ 4.Bd2 Qe7 5.g3 Nc6 6.Nc3 Bxc3 7.Bxc3 Ne4 8.Rc1 d6
9.Bg2 O-O 10.O-O Nxc3 11.Rxc3 e5 12.d5 Nb8 13.e4 Bg4 14.Qc2 Bxf3 15.Bxf3 c5
16.Bg2 Nd7 17.f4 Rfe8 18.f5 a6 19.h4 b5 20.Rf2 Rab8 21.Bf1 Nf6 22.Be2 h5
23.Bf3 bxc4 24.Rxc4 g6 25.Qd2 Kg7 26.Rc1 Rf8 27.Rcf1 Qd8 28.Qe2 Qa5 29.b3 Qb4
30.Rc1 a5 31.Rc4 Qb5 32.g4 hxg4 33.Bxg4 a4 34.fxg6 axb3 35.axb3 fxg6 36.Rg2 Nxg4
37.Qxg4 Rf6 38.h5 Qxb3 39.Rc1 Qe3+ 40.Kh2 Qxc1  0-1

[Event "Oberwart op"]
[Site "Oberwart"]
[Date "1992.??.??"]
[Round "7"]
[White "Lazarev, Vladimir"]
[Black "Polzin, Rainer"]
[Result "1/2-1/2"]
[WhiteElo "2430"]
[BlackElo "2325"]

1.d4 Nf6 2.c4 e6 3.Nf3 Bb4+ 4.Bd2 c5 5.Bxb4 cxb4 6.g3 O-O 7.Bg2 d6 8.Nbd2 Qc7
9.O-O a5 10.e4 e5 11.a3 bxa3 12.bxa3 Bg4 13.Qb3 Nc6 14.d5 a4 15.Qe3 Bxf3
16.dxc6 Bxg2 17.cxb7 Rab8 18.Kxg2 Rxb7 19.Rab1  1/2-1/2

[Event "Oostende op"]
[Site "Oostende"]
[Date "1992.??.??"]
[Round "7"]
[White "Naumkin, Igor"]
[Black "Rogers, Ian"]
[Result "1/2-1/2"]
[WhiteElo "2430"]
[BlackElo "2565"]

1.d4 Nf6 2.c4 e6 3.Nf3 Bb4+ 4.Bd2 Qe7 5.g3 Nc6 6.Bg2 Bxd2+ 7.Nbxd2 d6 8.O-O a5
9.e4 e5 10.d5 Nb8 11.b3 O-O 12.Ne1 Na6 13.a3 Bd7 14.Nd3 c6 15.dxc6 Bxc6 16.a4 Qc7
17.Re1 Rad8 18.Nb1 Nd7 19.Nc3 Ndc5 20.Rb1 Ne6 21.Rb2 Qb6 22.Nc1 Nac5 23.Rd2 Nd4
24.N3e2 Nde6 25.Nc3 h6 26.Re3 Nd4 27.N3e2 Nde6 28.Nc3 Rfe8 29.h3 Kh8 30.N3e2 Qc7  1/2-1/2